Bunkers: a guide for the ship operator
Guardat en:
| Autor principal: | |
|---|---|
| Format: | Llibre |
| Idioma: | anglès |
| Publicat: |
Londres
Fairplay
1982
|
| Col·lecció: | Ship management series
|
| Matèries: | |
| Etiquetes: |
Afegir etiqueta
Sense etiquetes, Sigues el primer a etiquetar aquest registre!
|
MARC
| LEADER | 00000nam a2200000 a 4500 | ||
|---|---|---|---|
| 001 | UCV4790 | ||
| 003 | CL-VaPUC | ||
| 008 | 921209e19820000UK |||||||||||||||||eng|d | ||
| 082 | 0 | 4 | |a 387.245 |b EWA |2 21 |
| 100 | 0 | |a Ewart, W. D |e author |9 298979 | |
| 245 | 1 | 0 | |a Bunkers: a guide for the ship operator |
| 300 | |a 72 p | ||
| 942 | |c BK | ||
| 945 | |d 19921209 00:00:00 | ||
| 260 | |a Londres |b Fairplay |c 1982 | ||
| 650 | 7 | |a BARCOS DE CARGA |2 CL-VaPUC |9 298980 | |
| 650 | 7 | |a BARCOS MERCANTES |2 CL-VaPUC |9 260780 | |
| 583 | |a last modification |c 19921209 00:00:00 |k Rodrigo Vera | ||
| 490 | 0 | |a Ship management series | |
| 999 | |c 211465 |d 211463 | ||
| 952 | |0 0 |1 0 |4 0 |6 387_245000000000000_EWA_1982 |7 0 |8 A |9 190814 |a BIBING |b BIBING |d 2019-11-14 |i 2584719 |o 387.245 EWA 1982 |p 2584719 |r 2025-01-20 |w 2019-11-14 |y BK |k TRA | ||